Paula / (Registro nro. 3560)
[ vista simple ]
| 000 -LEADER | |
|---|---|
| fixed length control field | 00865nam a2200229Ia 4500 |
| 003 - CONTROL NUMBER IDENTIFIER | |
| control field | OSt |
| 005 - DATE AND TIME OF LATEST TRANSACTION | |
| control field | 20250421145602.0 |
| 008 - FIXED-LENGTH DATA ELEMENTS--GENERAL INFORMATION | |
| fixed length control field | 191128t2012 ck er 000 f spa d |
| 020 ## - INTERNATIONAL STANDARD BOOK NUMBER | |
| International Standard Book Number | 9789588611808 |
| 040 ## - CATALOGING SOURCE | |
| Original cataloging agency | CO-JMCR |
| Transcribing agency | CO-JMCR |
| 041 ## - LANGUAGE CODE | |
| Language code of text/sound track or separate title | spa |
| 082 04 - DEWEY DECIMAL CLASSIFICATION NUMBER | |
| Classification number | A-N |
| Item number | ALLp |
| 100 1# - MAIN ENTRY--PERSONAL NAME | |
| Personal name | Allende, Isabel, |
| Dates associated with a name | 1942 |
| Relator term | autora |
| 9 (RLIN) | 6297 |
| 245 10 - TITLE STATEMENT | |
| Title | Paula / |
| Statement of responsibility, etc. | Isabel Allende |
| 260 ## - PUBLICATION, DISTRIBUTION, ETC. | |
| Place of publication, distribution, etc. | Bogotá : |
| Name of publisher, distributor, etc. | Debolsillo, |
| Date of publication, distribution, etc. | ©2012 |
| 300 ## - PHYSICAL DESCRIPTION | |
| Extent | 433 páginas ; |
| Dimensions | 19 cm. |
| 490 0# - SERIES STATEMENT | |
| Series statement | Contemporánea |
| 500 ## - GENERAL NOTE | |
| General note | Incluye datos biográficos del autor. |
| 520 ## - SUMMARY, ETC. | |
| Summary, etc. | Paula es un libro más conmovedor, más personal y más íntimo de Isabel Allende. Junto al hecho en que agonizaba su hija Paula, la gran narradora chilena escribió la historia de su familia y de sí misma con el propósito de regalársela a Paula. |
| 650 14 - SUBJECT ADDED ENTRY--TOPICAL TERM | |
| Topical term or geographic name entry element | Mujeres en la literatura |
| 9 (RLIN) | 6298 |
| 942 ## - ADDED ENTRY ELEMENTS (KOHA) | |
| Source of classification or shelving scheme | Dewey Decimal Classification |
| Koha item type | Books |
| Withdrawn status | Lost status | Source of classification or shelving scheme | Damaged status | Not for loan | Collection code | Home library | Current library | Date acquired | Source of acquisition | Cost, normal purchase price | Total Checkouts | Total Renewals | Full call number | Barcode | Date due | Date last seen | Date last checked out | Copy number | Koha item type |
|---|---|---|---|---|---|---|---|---|---|---|---|---|---|---|---|---|---|---|---|
| Dewey Decimal Classification | Fiction | Biblioteca Pública José María del Castillo y Rada | Biblioteca Pública José María del Castillo y Rada | 11/28/2019 | Donación | 0.00 | 16 | 9 | A-N ALLp | 201807424 | 04/17/2026 | 04/07/2026 | 04/07/2026 | Ej.1 | Books |